| 000 | 00637nam a2200193 i 4500 | ||
|---|---|---|---|
| 001 | 186761 | ||
| 003 | ES-MaACL | ||
| 005 | 20251017063116.0 | ||
| 008 | 170213s1910 sp |||| | spa d | ||
| 080 | _a821.134.2-32"18" | ||
| 100 | 1 |
_aGómez Gereda, Eduardo, _d1881-1918 _9161718 |
|
| 245 | 1 | 0 |
_aEl doctor Rodríguez / _cnovela de Eduardo G. Gereda ; ilustraciones del autor. |
| 260 |
_aMadrid : _bLos Contemporáneos, _c1910. |
||
| 300 |
_a[20] p. : _bil. ; _c27 cm. |
||
| 490 | 1 |
_aLos contemporáneos ; _v71 |
|
| 830 | 0 |
_aLos contemporáneos ; _v71 _9185715 |
|
| 852 |
_aES-MaACL _jR-2598(16) |
||
| 999 |
_c186761 _d186761 |
||